[Event "Titled Tuesday intern op 24th May Late"]
[Site "Chess.com INT"]
[Date "2022.05.24"]
[Round "7"]
[White "Veiga, Emerson de Sousa"]
[Black "Shapiro, Daniel E"]
[Result "0-1"]
[WhiteElo "2121"]
[BlackElo "2284"]
[PlyCount "74"]
[EventDate "2022.05.24"]
[EventType "swiss (blitz)"]
[EventRounds "11"]
[EventCountry "USA"]
[SourceTitle "EXT 2023"]
[Source "ChessBase"]
[SourceDate "2022.10.05"]
[SourceVersion "1"]
[SourceVersionDate "2022.10.05"]
[SourceQuality "1"]

1. e4 c5 2. Nf3 e6 3. d4 cxd4 4. Nxd4 a6 5. Nc3 Qc7 6. Bd3 Bd6 7. h3 Nf6 8. 0-0 Bh2+ 9. Kh1 Bf4 10. Qf3 Bxc1 11. Raxc1 d6 12. Rce1 Nbd7 13. Qe2 b5 14. f4 b4 15. e5 bxc3 16. exf6 Nxf6 17. f5 e5 18. bxc3 0-0 19. Nf3 Bb7 20. Nd2 Qxc3 21. Ne4 Bxe4 22. Bxe4 d5 23. Bd3 e4 24. Bxa6 Ra7 25. a4 d4 26. Bb5 Re7 27. Qf2 Nd5 28. Qh4 Qxc2 29. f6 Nxf6 30. Rc1 Qd2 31. Rc6 Re6 32. Rxe6 fxe6 33. Bc4 Re8 34. Rxf6 gxf6 35. Qg4+ Kf7 36. Bb5 Rg8 37. Qxe4 Qd1+ 0-1

[Event "BRA-ch 87th"]
[Site "Cuiaba"]
[Date "2021.11.01"]
[Round "7"]
[White "Veiga, Emerson de Sousa"]
[Black "Nogueira, Ivan Kuhlmann"]
[Result "1/2-1/2"]
[WhiteElo "2072"]
[BlackElo "2237"]
[PlyCount "44"]
[EventDate "2021.10.28"]
[EventType "swiss"]
[EventRounds "11"]
[EventCountry "BRA"]
[SourceTitle "CBM 205 Extra"]
[Source "ChessBase"]
[SourceDate "2022.01.31"]
[SourceVersion "1"]
[SourceVersionDate "2022.01.31"]
[SourceQuality "1"]

1. e4 Nf6 2. e5 Nd5 3. d4 d6 4. Nf3 Nc6 5. exd6 exd6 6. c4 Nb6 7. d5 Qe7+ 8. Be2 Ne5 9. 0-0 Nxf3+ 10. Bxf3 Qf6 11. Re1+ Be7 12. Qe2 Bd7 13. Bd2 Nc8 14. Bc3 Qh6 15. Nd2 0-0 16. Ne4 f5 17. Bd2 fxe4 18. Bxh6 exf3 19. Qxe7 Nxe7 20. Rxe7 Rf7 21. Rxf7 Kxf7 22. Be3 fxg2 1/2-1/2

[Event "BRA-ch 87th"]
[Site "Cuiaba"]
[Date "2021.10.31"]
[Round "5"]
[White "Veiga, Emerson de Sousa"]
[Black "Brito, Luismar Jorge"]
[Result "0-1"]
[WhiteElo "2072"]
[BlackElo "2198"]
[PlyCount "82"]
[EventDate "2021.10.28"]
[EventType "swiss"]
[EventRounds "11"]
[EventCountry "BRA"]
[SourceTitle "CBM 205 Extra"]
[Source "ChessBase"]
[SourceDate "2022.01.31"]
[SourceVersion "1"]
[SourceVersionDate "2022.01.31"]
[SourceQuality "1"]

1. e4 c5 2. Nf3 d6 3. d4 cxd4 4. Nxd4 Nf6 5. Nc3 a6 6. Be3 e6 7. f3 b5 8. g4 Nfd7 9. Qd2 Bb7 10. 0-0-0 Nc6 11. h4 Nde5 12. f4 Nxg4 13. Bh3 h5 14. Qe2 Nxe3 15. Qxe3 Nxd4 16. Rxd4 Be7 17. Rg1 Qb6 18. e5 dxe5 19. fxe5 Bc5 20. Ne2 g6 21. Qf4 Bxd4 22. Nxd4 0-0-0 23. c3 Rd7 24. a3 Rhd8 25. Bg2 Rc7 26. Bxb7+ Kxb7 27. Qe4+ Rd5 28. Kb1 Ka7 29. Rf1 Qc5 30. Re1 a5 31. Nb3 Qb6 32. Qf4 Kb8 33. Qf3 Rcd7 34. Ka2 Qc7 35. Qf4 a4 36. Nd4 Qc4+ 37. Ka1 b4 38. axb4 a3 39. b5 axb2+ 40. Kxb2 Rxd4 41. cxd4 Qb4+ 0-1

[Event "BRA-ch 87th"]
[Site "Cuiaba"]
[Date "2021.10.29"]
[Round "3"]
[White "Veiga, Emerson de Sousa"]
[Black "Pessoa, Marcio de Souza"]
[Result "1-0"]
[WhiteElo "2072"]
[BlackElo "1818"]
[PlyCount "77"]
[EventDate "2021.10.28"]
[EventType "swiss"]
[EventRounds "11"]
[EventCountry "BRA"]
[SourceTitle "CBM 205 Extra"]
[Source "ChessBase"]
[SourceDate "2022.01.31"]
[SourceVersion "1"]
[SourceVersionDate "2022.01.31"]
[SourceQuality "1"]

1. e4 c6 2. d4 d5 3. f3 g6 4. Nc3 Bg7 5. Be3 Nf6 6. e5 Nfd7 7. f4 e6 8. Nf3 0-0 9. Bd3 f6 10. 0-0 b6 11. Ne2 Ba6 12. Bxa6 Nxa6 13. Ng3 c5 14. c3 c4 15. h4 b5 16. a3 Nc7 17. h5 a5 18. hxg6 hxg6 19. Nh4 Qe8 20. Qg4 Kh7 21. f5 exf5 22. Ngxf5 fxe5 23. Nxg7 Kxg7 24. dxe5 Qe6 25. Qg5 Rh8 26. Rf6 Nxf6 27. exf6+ Kf8 28. Nxg6+ Ke8 29. Nxh8 Kd7 30. Ng6 Rg8 31. f7 Rxg6 32. f8Q Rxg5 33. Bxg5 Ne8 34. Rf1 Nd6 35. Qd8+ Kc6 36. Rf6 Qe5 37. Qxd6+ Qxd6 38. Rxd6+ Kxd6 39. Be3 1-0

[Event "Titled Tuesday intern op 05th Oct"]
[Site "Chess.com INT"]
[Date "2021.10.05"]
[Round "8"]
[White "Martin, Lewis"]
[Black "Veiga, Emerson de Sousa"]
[Result "0-1"]
[WhiteElo "2205"]
[BlackElo "2072"]
[PlyCount "79"]
[EventDate "2021.10.05"]
[EventType "swiss (blitz)"]
[EventRounds "11"]
[EventCountry "USA"]
[SourceTitle "CBM 204 Extra"]
[Source "ChessBase"]
[SourceDate "2021.11.30"]
[SourceVersion "1"]
[SourceVersionDate "2021.11.30"]
[SourceQuality "1"]

1. e4 c5 2. Nf3 d6 3. d4 cxd4 4. Nxd4 Nf6 5. Nc3 a6 6. Bg5 e6 7. f4 Be7 8. Qf3 h6 9. Bh4 Qc7 10. 0-0-0 Nbd7 11. Bd3 g5 12. fxg5 Ne5 13. Qe2 Nfg4 14. h3 hxg5 15. Bg3 Nf6 16. Rhf1 Nh5 17. Bh2 Nf4 18. Bxf4 gxf4 19. Kb1 Bg5 20. Nf3 Bf6 21. Qd2 Nxd3 22. cxd3 Bxc3 23. Qxc3 Qxc3 24. bxc3 e5 25. d4 f6 26. dxe5 dxe5 27. Rd6 Ke7 28. Rfd1 Be6 29. Rb6 Rab8 30. Rdd6 Bd7 31. Rxf6 Bc6 32. Nxe5 Kxf6 33. Nd7+ Ke7 34. Nxb8 Rxb8 35. Rb4 Ke6 36. Kc2 Ke5 37. Kd3 Rd8+ 38. Kc4 Bxe4 39. Kc5 Bxg2 40. h4 0-1

[Event "Titled Tuesday intern op 28th Sept"]
[Site "Chess.com INT"]
[Date "2021.09.28"]
[Round "4"]
[White "Politov, Pavel Y"]
[Black "Veiga, Emerson de Sousa"]
[Result "0-1"]
[WhiteElo "2190"]
[BlackElo "2072"]
[PlyCount "70"]
[EventDate "2021.09.28"]
[EventType "swiss (blitz)"]
[EventRounds "11"]
[EventCountry "USA"]
[SourceTitle "CBM 204 Extra"]
[Source "ChessBase"]
[SourceDate "2021.11.30"]
[SourceVersion "1"]
[SourceVersionDate "2021.11.30"]
[SourceQuality "1"]

1. e4 c5 2. d3 g6 3. Nd2 Bg7 4. g3 Nc6 5. Bg2 e6 6. Ngf3 Nge7 7. 0-0 0-0 8. Re1 d5 9. c3 b6 10. e5 Ba6 11. d4 cxd4 12. cxd4 Rc8 13. Qa4 Bb7 14. Nf1 h6 15. Bd2 Nf5 16. Bc3 a6 17. a3 b5 18. Qd1 Na5 19. Ne3 Nxe3 20. fxe3 Nc4 21. Nd2 Qb6 22. Nb3 a5 23. Nc5 b4 24. axb4 axb4 25. Nd7 Qb5 26. Nxf8 bxc3 27. Nxe6 cxb2 28. Nxg7 bxa1Q 29. Qxa1 Kxg7 30. Rb1 Qc6 31. Qc3 Qd7 32. Qb4 Bc6 33. Rb3 Rc7 34. Rc3 Rb7 35. Qc5 Rb5 0-1

[Event "Titled Tuesday intern op 28th Sept"]
[Site "Chess.com INT"]
[Date "2021.09.28"]
[Round "5"]
[White "Veiga, Emerson de Sousa"]
[Black "Maly, Alexey"]
[Result "0-1"]
[WhiteElo "2072"]
[BlackElo "2368"]
[PlyCount "88"]
[EventDate "2021.09.28"]
[EventType "swiss (blitz)"]
[EventRounds "11"]
[EventCountry "USA"]
[SourceTitle "CBM 204 Extra"]
[Source "ChessBase"]
[SourceDate "2021.11.30"]
[SourceVersion "1"]
[SourceVersionDate "2021.11.30"]
[SourceQuality "1"]

1. e4 c6 2. d4 d5 3. exd5 cxd5 4. c4 Nf6 5. Nc3 e6 6. c5 Be7 7. Nf3 0-0 8. Bf4 b6 9. b4 a5 10. a3 axb4 11. axb4 Rxa1 12. Qxa1 Nc6 13. Qa4 Bd7 14. b5 Nxd4 15. Nxd4 bxc5 16. Nc6 Bxc6 17. bxc6 Bd6 18. Bxd6 Qxd6 19. Bb5 d4 20. Nd1 Qe5+ 21. Kf1 Nd5 22. Qc4 h6 23. g3 Qe4 24. Kg1 Ra8 25. h4 Ra1 26. Kh2 Qf3 27. Qe2 Qxe2 28. Bxe2 Rb1 29. Bc4 Nc7 30. f4 Rb4 31. Bd3 c4 32. Be4 Kf8 33. Nf2 d3 34. Nxd3 cxd3 35. Bxd3 Rd4 36. Rd1 Ke7 37. Kg2 Kd6 38. Kf2 Kxc6 39. Rc1+ Kd6 40. Ke3 Rb4 41. Rd1 Nd5+ 42. Ke2 Nc3+ 43. Kd2 Nxd1 44. Kxd1 Rb2 0-1

[Event "Titled Tuesday intern op 14th Sept"]
[Site "Chess.com INT"]
[Date "2021.09.14"]
[Round "7"]
[White "Gombocz, Ferenc Jr"]
[Black "Veiga, Emerson de Sousa"]
[Result "0-1"]
[WhiteElo "2210"]
[BlackElo "2072"]
[PlyCount "86"]
[EventDate "2021.09.14"]
[EventType "swiss (blitz)"]
[EventRounds "11"]
[EventCountry "USA"]
[SourceTitle "EXT 2022"]
[Source "ChessBase"]
[SourceDate "2021.10.06"]
[SourceVersion "1"]
[SourceVersionDate "2021.10.06"]
[SourceQuality "1"]

1. c4 c5 2. g3 g6 3. Bg2 Bg7 4. Nc3 Nc6 5. a3 e6 6. b4 cxb4 7. axb4 Nxb4 8. Ba3 Nc6 9. Nb5 Bf8 10. Bd6 Bxd6 11. Nxd6+ Kf8 12. d4 Qe7 13. c5 Nf6 14. Nf3 Ne8 15. Nc4 Kg7 16. 0-0 d5 17. cxd6 Nxd6 18. Nfe5 Nxc4 19. Nxc4 Rd8 20. Bxc6 bxc6 21. e3 Rb8 22. Qc2 f6 23. Na5 Bd7 24. Rfc1 Rdc8 25. Nb3 Be8 26. Nc5 Bf7 27. Ra6 Rb6 28. Rca1 Rxa6 29. Rxa6 Rc7 30. Qa4 Be8 31. Qb3 Bf7 32. Qa4 e5 33. Rxc6 Rxc6 34. Qxc6 exd4 35. exd4 a5 36. d5 Qe1+ 37. Kg2 Qe5 38. Ne6+ Kh6 39. Qc1+ g5 40. Qc6 a4 41. Qd7 Bxe6 42. dxe6 Qe4+ 43. Kg1 a3 0-1

[Event "Titled Tuesday intern op 14th Sept"]
[Site "Chess.com INT"]
[Date "2021.09.14"]
[Round "5"]
[White "Veiga, Emerson de Sousa"]
[Black "Goryachkina, Aleksandra"]
[Result "0-1"]
[WhiteElo "2072"]
[BlackElo "2608"]
[PlyCount "106"]
[EventDate "2021.09.14"]
[EventType "swiss (blitz)"]
[EventRounds "11"]
[EventCountry "USA"]
[SourceTitle "EXT 2022"]
[Source "ChessBase"]
[SourceDate "2021.10.06"]
[SourceVersion "1"]
[SourceVersionDate "2021.10.06"]
[SourceQuality "1"]

1. e4 Nf6 2. e5 Nd5 3. d4 d6 4. exd6 exd6 5. Nf3 Be7 6. Bd3 0-0 7. h3 Nb4 8. Be2 Bf5 9. Na3 d5 10. 0-0 Nd7 11. c3 Nc6 12. Nc2 h6 13. Bf4 Re8 14. Ne3 Be6 15. Ng4 Bxg4 16. hxg4 Nf8 17. Qd2 Ng6 18. Bg3 Bd6 19. Bxd6 Qxd6 20. g3 Qe6 21. Rae1 Qxg4 22. Ne5 Qe6 23. Nxg6 Qxg6 24. Bf3 Qf5 25. Kg2 Re6 26. Rxe6 fxe6 27. Qe3 Rf8 28. Be2 e5 29. dxe5 Nxe5 30. Rd1 c6 31. Rd4 Qf6 32. Rf4 Qd6 33. Rxf8+ Kxf8 34. f4 Nd7 35. Bd3 Nc5 36. Bc2 Qe7 37. Qd4 Qe2+ 38. Qf2 Qxf2+ 39. Kxf2 Ke7 40. Ke3 Kf6 41. g4 g5 42. f5 Ke5 43. b4 Nd7 44. a4 Nf6 45. Kf3 b6 46. a5 bxa5 47. bxa5 c5 48. Bd3 c4 49. Bc2 d4 50. cxd4+ Kxd4 51. Ba4 Kd3 52. Bd1 c3 53. Be2+ Kd2 0-1

[Event "Titled Tuesday intern op 10th Aug"]
[Site "Chess.com INT"]
[Date "2021.08.10"]
[Round "8"]
[White "Garcia Ramos, Daniel"]
[Black "Veiga, Emerson de Sousa"]
[Result "1-0"]
[WhiteElo "2412"]
[BlackElo "2072"]
[PlyCount "121"]
[EventDate "2021.08.10"]
[EventType "swiss (blitz)"]
[EventRounds "11"]
[EventCountry "USA"]
[SourceTitle "CBM 203 Extra"]
[Source "ChessBase"]
[SourceDate "2021.09.30"]
[SourceVersion "1"]
[SourceVersionDate "2021.09.30"]
[SourceQuality "1"]

1. c4 Nf6 2. Nf3 e6 3. g3 d5 4. Bg2 c5 5. 0-0 Nc6 6. cxd5 exd5 7. d4 c4 8. Nc3 h6 9. e4 dxe4 10. Ne5 Qxd4 11. Nxc6 Qxd1 12. Rxd1 bxc6 13. Nxe4 Nd5 14. Bd2 Rb8 15. Rac1 Rxb2 16. Rxc4 Bd7 17. Re1 Be7 18. Nd6+ Kf8 19. Bxd5 Rxd2 20. Rf4 Bxd6 21. Rxf7+ Kg8 22. Bb3 Bh3 23. Rc7+ Kh7 24. Rxc6 Rf8 25. Bc2+ Kh8 26. Be4 Re8 27. f3 Bd7 28. Rc4 Bf5 29. Rec1 Bxe4 30. fxe4 Be5 31. Rc8 Rxc8 32. Rxc8+ Kh7 33. Re8 Bd4+ 34. Kf1 Rf2+ 35. Ke1 Rxa2 36. Rd8 Bb6 37. Rd7 Rxh2 38. e5 Bf2+ 39. Kf1 Bxg3 40. e6 Rf2+ 41. Kg1 Bh4 42. Rd4 Bf6 43. Re4 Rc2 44. Kf1 Rc7 45. Ke2 Re7 46. Kd3 Kg6 47. Kc4 Kf5 48. Kd5 Kg6 49. Re2 Kf5 50. Kd6 Kg6 51. Rg2+ Kh7 52. Rf2 h5 53. Rxf6 Rxe6+ 54. Rxe6 g6 55. Re7+ Kh6 56. Rxa7 h4 57. Ke5 Kg5 58. Ke4 Kg4 59. Ra1 g5 60. Rg1+ Kh5 61. Kf3 1-0

[Event "Titled Tuesday intern op 10th Aug"]
[Site "Chess.com INT"]
[Date "2021.08.10"]
[Round "1"]
[White "Lashkin, Jegor"]
[Black "Veiga, Emerson de Sousa"]
[Result "1-0"]
[WhiteElo "2386"]
[BlackElo "2072"]
[PlyCount "61"]
[EventDate "2021.08.10"]
[EventType "swiss (blitz)"]
[EventRounds "11"]
[EventCountry "USA"]
[SourceTitle "CBM 203 Extra"]
[Source "ChessBase"]
[SourceDate "2021.09.30"]
[SourceVersion "1"]
[SourceVersionDate "2021.09.30"]
[SourceQuality "1"]

1. d4 Nf6 2. c4 e6 3. Nf3 Bb4+ 4. Bd2 a5 5. g3 0-0 6. Bg2 d5 7. Qc2 c5 8. dxc5 d4 9. 0-0 Nc6 10. Bg5 h6 11. Bxf6 Qxf6 12. Nbd2 e5 13. Ne4 Qe7 14. a3 Bxc5 15. Nxc5 Qxc5 16. Nd2 Be6 17. Rfc1 f5 18. Qa4 e4 19. Nb3 Qe5 20. Rd1 Rad8 21. c5 f4 22. Nxa5 f3 23. exf3 exf3 24. Bf1 Nxa5 25. Qxa5 Qh5 26. Qb5 Kh8 27. Qxb7 Bh3 28. Qa6 d3 29. Bxd3 Bg2 30. Qg6 Qh3 31. Qh7# 1-0

[Event "Titled Tuesday intern op 10th Aug"]
[Site "Chess.com INT"]
[Date "2021.08.10"]
[Round "4"]
[White "Martin, Lewis"]
[Black "Veiga, Emerson de Sousa"]
[Result "0-1"]
[WhiteElo "2205"]
[BlackElo "2072"]
[PlyCount "48"]
[EventDate "2021.08.10"]
[EventType "swiss (blitz)"]
[EventRounds "11"]
[EventCountry "USA"]
[SourceTitle "CBM 203 Extra"]
[Source "ChessBase"]
[SourceDate "2021.09.30"]
[SourceVersion "1"]
[SourceVersionDate "2021.09.30"]
[SourceQuality "1"]

1. e4 c5 2. Nf3 d6 3. d4 cxd4 4. Nxd4 Nf6 5. Nc3 a6 6. Bg5 e6 7. f4 Be7 8. Qf3 h6 9. Bh4 Qc7 10. 0-0-0 Nbd7 11. g4 g5 12. fxg5 Ne5 13. Qg2 Nfxg4 14. Re1 hxg5 15. Bg3 b5 16. h3 Nf6 17. Bxe5 dxe5 18. Nf3 b4 19. Nb1 Bb7 20. Nxg5 Rg8 21. Bd3 0-0-0 22. Re3 Nxe4 23. Bxe4 Bxe4 24. Rxe4 Bxg5+ 0-1

[Event "Titled Tuesday intern op 10th Aug"]
[Site "Chess.com INT"]
[Date "2021.08.10"]
[Round "3"]
[White "Veiga, Emerson de Sousa"]
[Black "Bartel, Mateusz"]
[Result "0-1"]
[WhiteElo "2072"]
[BlackElo "2611"]
[PlyCount "68"]
[EventDate "2021.08.10"]
[EventType "swiss (blitz)"]
[EventRounds "11"]
[EventCountry "USA"]
[SourceTitle "CBM 203 Extra"]
[Source "ChessBase"]
[SourceDate "2021.09.30"]
[SourceVersion "1"]
[SourceVersionDate "2021.09.30"]
[SourceQuality "1"]

1. e4 c6 2. d4 d5 3. exd5 cxd5 4. c4 Nf6 5. Nc3 e6 6. c5 Nc6 7. Bb5 Ne4 8. Qc2 Qa5 9. Nge2 Bd7 10. Bxc6 Bxc6 11. 0-0 Be7 12. Bf4 Nxc3 13. Nxc3 b6 14. cxb6 axb6 15. a3 0-0 16. b4 Qa7 17. h3 Rfc8 18. Qd2 Be8 19. Rfb1 Rc4 20. Nd1 Rac8 21. Ne3 Rc3 22. Rc1 R3c6 23. Rxc6 Rxc6 24. a4 h6 25. a5 bxa5 26. bxa5 Qb7 27. Ng4 f6 28. Bxh6 gxh6 29. Qxh6 Qb2 30. Re1 Qxd4 31. Re3 Rc1+ 32. Kh2 Bd6+ 33. g3 Be7 34. Rxe6 Qd1 0-1

[Event "Titled Tuesday intern op 10th Aug"]
[Site "Chess.com INT"]
[Date "2021.08.10"]
[Round "5"]
[White "Veiga, Emerson de Sousa"]
[Black "Rychagov, Andrey"]
[Result "1-0"]
[WhiteElo "2072"]
[BlackElo "2546"]
[PlyCount "137"]
[EventDate "2021.08.10"]
[EventType "swiss (blitz)"]
[EventRounds "11"]
[EventCountry "USA"]
[SourceTitle "CBM 203 Extra"]
[Source "ChessBase"]
[SourceDate "2021.09.30"]
[SourceVersion "1"]
[SourceVersionDate "2021.09.30"]
[SourceQuality "1"]

1. e4 c5 2. Nf3 e6 3. d4 cxd4 4. Nxd4 a6 5. Nc3 d6 6. Be3 Nf6 7. f3 b5 8. Qd2 Be7 9. 0-0-0 0-0 10. Kb1 Bb7 11. g4 b4 12. Nce2 d5 13. e5 Nfd7 14. f4 Nc5 15. Ng3 Nc6 16. Nxc6 Bxc6 17. Bd4 a5 18. f5 Bg5 19. Qf2 Ne4 20. Nxe4 dxe4 21. Bg2 Qc7 22. h4 e3 23. Qg3 e2 24. Rd3 Bxg2 25. Qxg2 Bxh4 26. Qxe2 Bg5 27. Rdh3 h6 28. f6 Rfd8 29. c3 bxc3 30. Bxc3 Rab8 31. a3 Qc6 32. fxg7 Qb5 33. Qe4 Qd5 34. Qc2 Qb3 35. Qxb3 Rxb3 36. Kc2 Rdb8 37. Rd3 Kxg7 38. Rhd1 R3b5 39. Rd7 a4 40. Rf1 Rf8 41. Ra7 Kg6 42. Rxa4 Rb7 43. Rd4 Rc8 44. Rfd1 Rc5 45. Rd7 Rxd7 46. Rxd7 Bf4 47. b4 Rc8 48. Kd3 Kg5 49. a4 Kxg4 50. a5 h5 51. Rxf7 h4 52. Rg7+ Kf3 53. Rf7 Kg4 54. Rg7+ Kf3 55. Rh7 Bg3 56. a6 Kg2 57. b5 h3 58. b6 h2 59. Rxh2+ Bxh2 60. b7 Rxc3+ 61. Kxc3 Bxe5+ 62. Kc4 Bb8 63. Kc5 e5 64. Kb6 e4 65. a7 Bxa7+ 66. Kxa7 e3 67. b8Q e2 68. Qb1 Kf2 69. Qf5+ 1-0

[Event "Titled Tuesday intern op 10th Aug"]
[Site "Chess.com INT"]
[Date "2021.08.10"]
[Round "7"]
[White "Veiga, Emerson de Sousa"]
[Black "Tong, Hai Anh"]
[Result "1-0"]
[WhiteElo "2072"]
[BlackElo "1486"]
[PlyCount "47"]
[EventDate "2021.08.10"]
[EventType "swiss (blitz)"]
[EventRounds "11"]
[EventCountry "USA"]
[SourceTitle "CBM 203 Extra"]
[Source "ChessBase"]
[SourceDate "2021.09.30"]
[SourceVersion "1"]
[SourceVersionDate "2021.09.30"]
[SourceQuality "1"]

1. e4 c6 2. d4 d5 3. exd5 cxd5 4. c4 Nf6 5. Nc3 Nc6 6. Nf3 Bg4 7. cxd5 Nxd5 8. Qb3 Bxf3 9. gxf3 Nb6 10. d5 Nd4 11. Qd1 e5 12. dxe6 Bc5 13. exf7+ Kxf7 14. Be3 Re8 15. Be2 Qh4 16. Ne4 Rad8 17. Bxd4 Rxd4 18. Qb3+ Kf8 19. Nxc5 Rb4 20. Qc2 Qd4 21. Rd1 Rxb2 22. Rxd4 Rxc2 23. Ne4 Na4 24. Rxa4 1-0

[Event "Titled Tuesday intern op 29th June"]
[Site "Chess.com INT"]
[Date "2021.06.29"]
[Round "2"]
[White "Quirke, Jeffrey"]
[Black "Veiga, Emerson de Sousa"]
[Result "0-1"]
[WhiteElo "2107"]
[BlackElo "2072"]
[PlyCount "100"]
[EventDate "2021.06.29"]
[EventType "swiss (blitz)"]
[EventRounds "11"]
[EventCountry "USA"]
[SourceTitle "CBM 203 Extra"]
[Source "ChessBase"]
[SourceDate "2021.09.30"]
[SourceVersion "1"]
[SourceVersionDate "2021.09.30"]
[SourceQuality "1"]

1. d4 Nf6 2. c4 e6 3. Nc3 Bb4 4. Qc2 c5 5. dxc5 Qc7 6. Nf3 0-0 7. e3 Bxc5 8. Be2 a6 9. 0-0 b6 10. b3 Bb7 11. Bb2 Nc6 12. Rad1 Rad8 13. a3 d5 14. cxd5 exd5 15. b4 Bd6 16. b5 Ne5 17. bxa6 Nxf3+ 18. gxf3 Bxh2+ 19. Kg2 Ba8 20. Qb3 Be5 21. Nb5 Qe7 22. Rg1 Bxb2 23. Qxb2 Qe6 24. Kf1 Qf5 25. Rd4 Nh5 26. Rdg4 g6 27. Nd4 Qf6 28. f4 Ng7 29. Qb1 Rc8 30. Rg5 Rc5 31. f5 Rfc8 32. Bd1 Rc1 33. Qd3 Qe5 34. Ke2 f6 35. Rxg6 hxg6 36. Rxg6 Kf7 37. f4 Qe4 38. Qxe4 dxe4 39. Bb3+ Kf8 40. Rh6 R1c3 41. Rh8+ Ke7 42. Rh7 Kf8 43. Rh8+ Ke7 44. Rh7 Rxb3 45. Rxg7+ Kd6 46. Nxb3 Bd5 47. Nd4 Rc3 48. Rg6 Ke7 49. Rg7+ Bf7 50. Ne6 Rxa3 0-1

[Event "Titled Tuesday intern op 04th May"]
[Site "Chess.com INT"]
[Date "2021.05.04"]
[Round "1"]
[White "Lazavik, Denis"]
[Black "Veiga, Emerson de Sousa"]
[Result "1-0"]
[WhiteElo "2439"]
[BlackElo "2072"]
[PlyCount "93"]
[EventDate "2021.05.04"]
[EventType "swiss (blitz)"]
[EventRounds "11"]
[EventCountry "USA"]
[SourceTitle "CBM 202 Extra"]
[Source "ChessBase"]
[SourceDate "2021.07.31"]
[SourceVersion "1"]
[SourceVersionDate "2021.07.31"]
[SourceQuality "1"]

1. d4 Nf6 2. c4 e6 3. Nf3 Bb4+ 4. Bd2 a5 5. g3 0-0 6. Bg2 d5 7. Qc2 c5 8. cxd5 cxd4 9. Nxd4 exd5 10. 0-0 Bg4 11. Bxb4 axb4 12. Nd2 Nc6 13. N2b3 Nxd4 14. Nxd4 Rc8 15. Qd2 Qb6 16. Rfc1 Rc4 17. e3 Rfc8 18. f3 Bh5 19. Bf1 R4c5 20. Be2 Bg6 21. Kf2 h6 22. Rxc5 Qxc5 23. a3 bxa3 24. Rxa3 Nd7 25. Rc3 Qf8 26. Rxc8 Qxc8 27. Qa5 Nf6 28. Qb6 Qd7 29. Qc5 Kh7 30. g4 h5 31. g5 Ne8 32. Bb5 Qd6 33. Qxd6 Nxd6 34. Be2 f6 35. gxf6 gxf6 36. Kg3 Bf7 37. Kf4 Kg6 38. Bd3+ Kh6 39. h4 Bg6 40. Bf1 Bb1 41. Bh3 Bg6 42. Be6 Bf7 43. Nf5+ Nxf5 44. Kxf5 Bg6+ 45. Kxf6 d4 46. exd4 Bd3 47. d5 1-0

[Event "Titled Tuesday intern op 06th Apr"]
[Site "Chess.com INT"]
[Date "2021.04.06"]
[Round "5"]
[White "Veiga, Emerson de Sousa"]
[Black "Cella, Glaucio Dalla Cortt"]
[Result "0-1"]
[WhiteElo "2072"]
[BlackElo "1961"]
[PlyCount "116"]
[EventDate "2021.04.06"]
[EventType "swiss (blitz)"]
[EventRounds "11"]
[EventCountry "USA"]
[SourceTitle "CBM 201 Extra"]
[Source "ChessBase"]
[SourceDate "2021.05.31"]
[SourceVersion "1"]
[SourceVersionDate "2021.05.31"]
[SourceQuality "1"]

1. e4 c5 2. Nf3 e6 3. d4 cxd4 4. Nxd4 Nf6 5. Nc3 Bb4 6. Bd3 Nc6 7. Nxc6 bxc6 8. 0-0 d5 9. exd5 cxd5 10. Bd2 0-0 11. Qf3 e5 12. Bg5 e4 13. Bxf6 Qxf6 14. Qxf6 gxf6 15. Nxd5 exd3 16. Nxb4 dxc2 17. Nxc2 Be6 18. b3 Rac8 19. Rac1 Rc3 20. Nd4 Rfc8 21. Rxc3 Rxc3 22. Re1 Rd3 23. Nxe6 fxe6 24. g3 Kf7 25. Re2 a5 26. Rc2 a4 27. bxa4 Ra3 28. Rc7+ Kg6 29. Ra7 Rxa2 30. a5 Kf5 31. Kg2 e5 32. a6 Ra4 33. Ra8 Ra3 34. a7 e4 35. Kf1 Ra2 36. Ke1 Ra1+ 37. Ke2 Ra2+ 38. Ke3 Ra3+ 39. Kd4 Ra4+ 40. Kc5 Ra1 41. Kb6 Rb1+ 42. Kc7 Rc1+ 43. Kd6 Rd1+ 44. Ke7 Ra1 45. g4+ Kf4 46. Kxf6 Kf3 47. Kg5 Ra5+ 48. Kh4 Ke2 49. h3 Ke1 50. g5 Ke2 51. Kh5 Ke1 52. h4 Ke2 53. Kh6 e3 54. fxe3 Ke1 55. e4 Ke2 56. e5 Ke3 57. e6 Ra6 58. Kxh7 Rxe6 0-1

[Event "Titled Tuesday intern op 16th Mar"]
[Site "Chess.com INT"]
[Date "2021.03.16"]
[Round "3"]
[White "Veiga, Emerson de Sousa"]
[Black "Hrabinska, Myroslava"]
[Result "0-1"]
[WhiteElo "2072"]
[BlackElo "2235"]
[PlyCount "114"]
[EventDate "2021.03.16"]
[EventType "swiss (blitz)"]
[EventRounds "11"]
[EventCountry "USA"]
[SourceTitle "CBM 201 Extra"]
[Source "ChessBase"]
[SourceDate "2021.05.31"]
[SourceVersion "1"]
[SourceVersionDate "2021.05.31"]
[SourceQuality "1"]

1. e4 c5 2. Nf3 Nc6 3. d4 cxd4 4. Nxd4 e5 5. Nf3 Nf6 6. Bc4 Bb4+ 7. c3 Bc5 8. 0-0 0-0 9. Bg5 h6 10. Bh4 Be7 11. Bxf6 Bxf6 12. Na3 a6 13. Nc2 b5 14. Bd5 Rb8 15. Ne3 Ne7 16. Bb3 Bb7 17. Qd3 Qc7 18. Rad1 Rfd8 19. Ng4 d5 20. Nxf6+ gxf6 21. exd5 Nxd5 22. Qf5 Kg7 23. Bxd5 Bxd5 24. Nh4 Be6 25. Qh5 Rxd1 26. Rxd1 Rd8 27. Rxd8 Qxd8 28. h3 Qd2 29. Nf5+ Bxf5 30. Qxf5 Qxb2 31. Qg4+ Kf8 32. Qc8+ Kg7 33. Qxa6 Qxc3 34. Qxb5 Qa1+ 35. Kh2 Qxa2 36. Qb6 Qd2 37. Qc5 Qd4 38. Qc2 Qf4+ 39. g3 Qf3 40. Qd2 f5 41. Kg1 f4 42. Qb2 f6 43. gxf4 Qxf4 44. Qb7+ Kg6 45. Qb1+ Kh5 46. Qd1+ Kh4 47. Kg2 Qe4+ 48. Kh2 Qf4+ 49. Kg2 e4 50. Qe2 Qf3+ 51. Qxf3 exf3+ 52. Kxf3 Kxh3 53. Kf4 Kg2 54. f3 h5 55. Kf5 h4 56. Kxf6 Kxf3 57. Ke5 h3 0-1

[Event "Titled Tuesday intern op 16th Mar"]
[Site "Chess.com INT"]
[Date "2021.03.16"]
[Round "1"]
[White "Veiga, Emerson de Sousa"]
[Black "Nogerbek, Kazybek"]
[Result "0-1"]
[WhiteElo "2072"]
[BlackElo "2328"]
[PlyCount "74"]
[EventDate "2021.03.16"]
[EventType "swiss (blitz)"]
[EventRounds "11"]
[EventCountry "USA"]
[SourceTitle "CBM 201 Extra"]
[Source "ChessBase"]
[SourceDate "2021.05.31"]
[SourceVersion "1"]
[SourceVersionDate "2021.05.31"]
[SourceQuality "1"]

1. e4 g6 2. d4 Nf6 3. Bd3 Nc6 4. Nf3 d6 5. h3 Bg7 6. 0-0 0-0 7. c4 e5 8. d5 Ne7 9. Nc3 Nh5 10. Be3 h6 11. Qd2 g5 12. b4 a5 13. a3 Nf4 14. c5 Neg6 15. Rac1 Bxh3 16. gxh3 Qd7 17. Bxf4 Nxf4 18. Ne2 Qxh3 19. Nxf4 exf4 20. Nh2 f3 21. Nxf3 Qg4+ 22. Kh2 Qxf3 23. Rh1 Be5+ 24. Kg1 axb4 25. axb4 Ra3 26. Rd1 Kg7 27. Qe2 Qxe2 28. Bxe2 Rb3 29. cxd6 cxd6 30. b5 f5 31. exf5 Rxf5 32. Rc1 Bd4 33. Rh2 Bc5 34. Bg4 Rf4 35. Be6 Rb2 36. Rf1 Rxb5 37. Re1 Rb2 0-1